00959cam a2200265 a 450000100100000000500170001000800410002702000150006803500190008303500200010204000290012208200170015110000280016824500490019626000650024530000200031049000200033049000690035049000580041965000240047765000360050183000230053783000720056083000610063200000615920200929151945.0930422s1985 sp 000 p spa d a8400058542 a(DLC) 91216984 a(OCoLC)12741429 aDO-SdBNPcWUdDLCdBNPHU a861.6bM798m1 aMontón Puerto, Pedro.10aManual del corazon /cPedro Montón Puerto. aZaragoza :bInstitución "Fernando el Católico",c[1985]. a57 p. ;c25 cm.1 a"San Jorge"v431 aPublicación de la Institución "Fernando el Católico"v10051 aPublicación del Centro de Estudios Bilbilitanosv17 4aPoesía española 4aLiteratura españolaySIGLO XX 0a"San Jorge" ;v43. 0aPublicación de la Institución "Fernando el Católico" ;v1005. 0aPublicación del Centro de Estudios Bilbilitanos ;v17.